| 000 | 00699nam a2200265 a 4500 | ||
|---|---|---|---|
| 003 | AR-BaBNM | ||
| 005 | 20251128204559.0 | ||
| 008 | 082120s2002 ||||||||||||||000 | spa|| | ||
| 020 | _a84-236-2865-5 | ||
| 040 | _cAR-BaBNM | ||
| 100 | 1 | _aCarranza, Maite | |
| 245 | 0 | 0 | _aMauro ojos brillantes |
| 260 |
_aBarcelona _bEdebé _c1992 |
||
| 300 |
_a42 p. _bil. |
||
| 490 | 0 |
_aTucán. Azul _vv. 22 |
|
| 500 | _aRecomendado para niños a partir de 6 años | ||
| 650 | 4 | _aLITERATURA INFANTIL | |
| 650 | 4 | _aLIBROS PARA NIÑOS | |
| 650 | 4 | _aHISTORIAS DE AMOR | |
| 650 | 4 | _aENSEÑANZA DE LA LECTURA | |
| 655 | _aLITERATURA | ||
| 700 | 1 |
_aSales, Gemma _eilustrador |
|
| 942 | _cBK | ||
| 998 | _cLAURA | ||
| 999 |
_c8005 _d8005 |
||